000 00433cam a22001337a 4500
008 180718b1965 xxu||||| |||| 00| 0 eng d
082 _aXA04x42 M551
100 _aMerrett, A.J.
245 _aHousing finance and development : an analysis and a programme for reform
_cby A.J. Merrett And Allen Sykes
260 _aLondon
_bLongmans
_c1965
300 _aix,127p
650 _aHousing --Great Britain --Finance.
700 _aSykes, Allen
999 _c412249
_d412249